| 000 | 00655nam a2200217Ia 4500 | ||
|---|---|---|---|
| 001 | 3230 | ||
| 003 | GE_BSU | ||
| 008 | 181216s||||||||xx |||||||||||||| ||und|| | ||
| 040 | _cGE_BSU | ||
| 080 | _a514.18(075.8) | ||
| 100 | _aДжапаридзе,И.С. | ||
| 245 | _aНачертательная геометрия в свете геометрического моделирования. | ||
| 245 | _bУчебник. | ||
| 245 | _cРед.Т.Пайчадзе. | ||
| 260 | _aТб. | ||
| 260 | _bГанатлеба. | ||
| 260 | _c1983. | ||
| 300 | _a208стр.с илл. | ||
| 653 | _aНачертательная геометрия. | ||
| 942 | _cBK | ||
| 999 |
_c37271 _d37271 |
||